000 00375 a2200169 4500
001 183497
020 _a978-85-08-08958-1
040 _cMagnum
100 _aMachado, Ana Maria
240 1 0 _aTudo ao mesmo tempo agora
_lpor
245 1 0 _aTudo ao mesmo tempo agora
300 _a160
362 0 _a2013
440 1 _aÁtica
697 _aLITERATURA JUVENIL
942 _cBK
999 _c183497
_d183497